00553nam a2200193Ia 4500008004100000020000700041082001400048100001800062245002700080250000800107260004100115300002900156500000700185600002700192650001300219942000700232952010500239999001500344240925s9999 xx 000 0 und d aNA a297.2 RAH aAfzal, rehman 0aSubject Index of Quran a4th aLahore:bIslamic Publicationc,1996. axxiv,840p.bNAfOriginal aNA aEngineering Technology aReligion cBK 001040708ETaUITUbUITUd2001-03-27eNAl0o297.2 RAHpQ3663r2024-09-25 07:13:14w2024-09-25yBK c6162d6162